Klasyfikacja Pucharu Świata 2024/25 w skokach narciarskich - Statystyki

Ogólne statystyki
  • Ten quiz został rozwiązany 316 razy
  • Średni wynik to 50 z 70
Statystyki odpowiedzi
Miejsce Zwodnik Kraj Punkty % Poprawnych
3 Stefan Kraft Austria 1290
99%
2 Jan Hoerl Austria 1652
94%
9 Ryoyu Kobayashi Japonia 910
94%
40 Sakutaro Kobayashi Japonia 76
94%
31 Kamil Stoch Polska 157
93%
14 Paweł Wąsek Polska 612
93%
20 Aleksander Zniszczoł Polska 267
92%
4 Anze Lanisek Słowenia 1056
92%
10 Domen Prevc Słowenia 776
92%
1 Daniel Tschofenig Austria 1805
91%
6 Gregor Deschwanden Szwajcaria 996
91%
39 Piotr Żyła Polska 80
90%
7 Andreas Wellinger Niemcy 989
89%
35 Dawid Kubacki Polska 122
89%
8 Johann Andre Forfang Norwegia 955
89%
13 Karl Geiger Niemcy 638
88%
23 Artti Aigro Estonia 245
87%
17 Marius Lindvik Norwegia 474
86%
5 Pius Paschke Niemcy 1006
86%
16 Timi Zajc Słowenia 572
85%
28 Kevin Bickner USA 171
84%
36 Antti Aalto Finlandia 116
83%
12 Kristoffer Eriksen Sundal Norwegia 678
83%
22 Tate Frantz USA 266
82%
18 Manuel Fettner Austria 458
80%
19 Ren Nikaido Japonia 444
80%
20 Halvor Egner Granerud Norwegia 267
79%
11 Maximilian Ortner Austria 726
79%
15 Michael Hayboeck Austria 587
79%
29 Władimir Zografski Bułgaria 165
79%
52 Maciej Kot Polska 13
77%
27 Valentin Foubert Francja 173
77%
25 Naoki Nakamura Japonia 212
76%
46 Alex Insam Włochy 55
75%
37 Jakub Wolny Polska 111
75%
64 Roman Koudelka Czechy 3
75%
40 Jewhen Marusiak Ukraina 76
74%
49 Niko Kytosaho Finlandia 28
74%
24 Philipp Raimund Niemcy 242
74%
65 Simon Ammann Szwajcaria 2
73%
33 Killian Peier Szwajcaria 132
72%
58 Keiichi Sato Japonia 10
71%
30 Lovro Kos Słowenia 158
71%
44 Yukiya Sato Japonia 69
71%
55 Fatih Arda Ipcioglu Turcja 12
69%
38 Markus Eisenbichler Niemcy 88
67%
51 Erik Belshaw USA 26
65%
52 Danił Wasiljew Kazachstan 13
63%
56 Jason Colby USA 11
63%
48 Robert Johansson Norwegia 32
60%
26 Benjamin Oestvold Norwegia 211
58%
68 Clemens Aigner Austria 1
57%
42 Stephan Embacher Austria 72
57%
31 Markus Mueller Austria 157
53%
63 Ziga Jelar Słowenia 4
52%
50 Felix Hoffmann Niemcy 27
51%
42 Stephan Leyhe Niemcy 72
51%
45 Zak Mogel Słowenia 59
51%
68 Andrew Urlaub USA 1
50%
47 Robin Pedersen Norwegia 47
50%
65 Rok Oblak Słowenia 2
48%
59 Eetu Nousiainen Finlandia 7
47%
34 Fredrik Villumstad Norwegia 127
47%
65 Kasperi Valto Finlandia 2
46%
52 Yanick Wasser Szwajcaria 13
40%
68 Tomas Kuisma Finlandia 1
38%
61 Rok Masle Słowenia 5
37%
56 Adrian Tittel Niemcy 11
33%
61 Soelve Jokerud Strand Norwegia 5
29%
60 Ilja Miziernych Kazachstan 6
27%
Nie znaleziono quizów pasujących do podanych kryteriów
Rozkład punktacji
Procent ludzi z każdym wynikiem
Percentyl według liczby udzielonych odpowiedzi
Twoja historia wyników
Nie rozwiązałeś tego quizu